[Event "Valencia Region-ch Segunda"]
[Site "Valencia"]
[Date "2015.10.03"]
[Round "1.6"]
[White "Rubio Gallego, Damian"]
[Black "Soliva Ruiz, Ramon"]
[Result "0-1"]
[WhiteElo "1296"]
[BlackElo "1597"]
[PlyCount "82"]
[EventDate "2015.10.03"]
[EventType "swiss"]
[EventRounds "7"]
[EventCountry "ESP"]
[SourceTitle "EXT 2024"]
[Source "ChessBase"]
[SourceDate "2023.10.10"]
[SourceVersion "1"]
[SourceVersionDate "2023.10.10"]
[SourceQuality "1"]

1. e4 c5 2. Nc3 d6 3. Bc4 e6 4. Nf3 Nc6 5. 0-0 Nf6 6. d3 Be7 7. Be3 a6 8. d4 cxd4 9. Bxd4 b5 10. Bd3 Nxd4 11. Nxd4 Bb7 12. Qf3 0-0 13. Nd1 Qb6 14. c3 b4 15. Rb1 a5 16. Ne3 d5 17. exd5 Bxd5 18. Qf4 Bxa2 19. Ra1 Bd5 20. Ng4 Nxg4 21. Qxg4 Bf6 22. Nf3 Bxf3 23. Qxf3 bxc3 24. bxc3 Bxc3 25. Rab1 Qd4 26. Rbd1 Qf6 27. Qh3 g6 28. Be4 Rad8 29. Rxd8 Rxd8 30. Qg4 Rd2 31. Qg3 Kg7 32. h4 h5 33. Bf3 Be5 34. Qh3 Rd3 35. Rd1 Rc3 36. Qh1 a4 37. Be2 Rc2 38. Re1 a3 39. g4 a2 40. Qg2 Rxe2 41. Rxe2 a1Q+ 0-1

[Event "Provincial-ch Valencia Segunda"]
[Site "Valencia"]
[Date "2014.09.27"]
[Round "1.4"]
[White "Rubio Gallego, Damian"]
[Black "Seguil Sandoval, Pedro"]
[Result "0-1"]
[WhiteElo "1323"]
[BlackElo "1630"]
[PlyCount "71"]
[EventDate "2014.09.27"]
[EventType "swiss"]
[EventRounds "7"]
[EventCountry "ESP"]
[SourceTitle "EXT 2024"]
[Source "ChessBase"]
[SourceDate "2023.10.10"]
[SourceVersion "1"]
[SourceVersionDate "2023.10.10"]
[SourceQuality "1"]

1. e4 c5 2. Nf3 Nc6 3. Bc4 e6 4. Nc3 a6 5. d4 cxd4 6. Nxd4 Bb4 7. 0-0 Nge7 8. Bg5 Ne5 9. Bd3 f6 10. Bf4 Nxd3 11. Qxd3 e5 12. Ne6 dxe6 13. Qxd8+ Kxd8 14. Rad1+ Ke8 15. Be3 Bd7 16. a3 Bxc3 17. bxc3 Ba4 18. Rd2 Rc8 19. Rfd1 Kf7 20. h3 Rxc3 21. Rc1 Rhc8 22. Rb1 b5 23. Rd6 Bxc2 24. Rb4 Nc6 25. Rb2 Bxe4 26. Rd7+ Kg6 27. a4 b4 28. Rd6 Bd5 29. Bd2 Rc4 30. f3 a5 31. Be3 Nd4 32. g4 Nxf3+ 33. Kf2 Rc2+ 34. Rxc2 Rxc2+ 35. Kg3 Ng5 36. h4 0-1